Aneka bubur & pengat / (Record no. 2737)

000 -LEADER
fixed length control field nam a22 a 4500
003 - CONTROL NUMBER IDENTIFIER
control field AKMAL
005 - DATE AND TIME OF LATEST TRANSACTION
control field 20170517160338.0
008 - FIXED-LENGTH DATA ELEMENTS--GENERAL INFORMATION
fixed length control field 170517r20041999my a e 00 0 may d
020 ## - INTERNATIONAL STANDARD BOOK NUMBER
International Standard Book Number 9831240235 (kkt.) :
Terms of availability RM5.50
039 #9 - LEVEL OF BIBLIOGRAPHIC CONTROL AND CODING DETAIL [OBSOLETE]
Level of rules in bibliographic description 201005031039
Level of effort used to assign nonsubject heading access points jalil
Level of effort used to assign subject headings 201004301644
Level of effort used to assign classification judy
Level of effort used to assign subject headings 200904141138
Level of effort used to assign classification kik3856
Level of effort used to assign subject headings 200803111331
Level of effort used to assign classification rfid1
040 ## - CATALOGING SOURCE
Original cataloging agency AKMAL
Transcribing agency AKMAL
049 ## - LOCAL HOLDINGS (OCLC)
Holding library klpmal
082 04 - DEWEY DECIMAL CLASSIFICATION NUMBER
Classification number 641.59595 ANE
Edition number 22
090 00 - LOCALLY ASSIGNED LC-TYPE CALL NUMBER (OCLC); LOCAL CALL NUMBER (RLIN)
Classification number (OCLC) (R) ; Classification number, CALL (RLIN) (NR) 641.59595
Local cutter number (OCLC) ; Book number/undivided call number, CALL (RLIN) ANE
090 20 - LOCALLY ASSIGNED LC-TYPE CALL NUMBER (OCLC); LOCAL CALL NUMBER (RLIN)
Classification number (OCLC) (R) ; Classification number, CALL (RLIN) (NR) 641.59595
Local cutter number (OCLC) ; Book number/undivided call number, CALL (RLIN) ANE
245 00 - TITLE STATEMENT
Title Aneka bubur & pengat /
Statement of responsibility, etc. [selenggaraan Sa'adiah Mohamad]
246 3# - VARYING FORM OF TITLE
Title proper/short title Aneka bubur dan pengat
260 ## - PUBLICATION, DISTRIBUTION, ETC.
Place of publication, distribution, etc. Shah Alam :
Name of publisher, distributor, etc. Alaf 21 ,
Date of publication, distribution, etc. 2004
300 ## - PHYSICAL DESCRIPTION
Extent 44ms. :
Other physical details il. wrn. ;
Dimensions 26cm.
650 10 - SUBJECT ADDED ENTRY--TOPICAL TERM
Topical term or geographic name entry element Cooking, Malaysian
9 (RLIN) 5608
650 20 - SUBJECT ADDED ENTRY--TOPICAL TERM
Topical term or geographic name entry element Porridge
9 (RLIN) 5776
650 20 - SUBJECT ADDED ENTRY--TOPICAL TERM
Topical term or geographic name entry element Cookery (Cereals)
9 (RLIN) 5777
700 0# - ADDED ENTRY--PERSONAL NAME
Personal name Sa'adiah Mohamad
9 (RLIN) 5609
856 4# - ELECTRONIC LOCATION AND ACCESS
Uniform Resource Identifier <a href="http://www.pelangibooks.com/module/item/itemDetails.aspx?prodId=ALAFREC005">http://www.pelangibooks.com/module/item/itemDetails.aspx?prodId=ALAFREC005</a>
Link text Kulit Depan & Ringkasan
942 ## - ADDED ENTRY ELEMENTS (KOHA)
Source of classification or shelving scheme
Koha item type Book
Holdings
Withdrawn status Lost status Source of classification or shelving scheme Damaged status Not for loan Collection code Home library Current library Date acquired Inventory number Total Checkouts Full call number Barcode Date last seen Price effective from Koha item type
          NON-FICTION AKMAL Melaka AKMAL Melaka 17.05.2017 601989   641.59595 ANE 201703492 17.05.2017 17.05.2017 Book
Pusat Sumber Maklumat Dato' Haji Sarmin Md Hussin, Akademi Kastam Diraja Malaysia, Melaka
Tel: 06-2331106 | Faks: 06-2313787